Z popela /
Psychologický román švédského spisovatele a žurnalisty popisuje pomalý a nenápadný rozklad rodinných vztahů.
Uloženo v:
| Hlavní autor: | |
|---|---|
| Další autoři: | |
| Médium: | E-kniha |
| Jazyk: | Czech |
| Vydáno: |
Brno :
Host,
2022
|
| Vydání: | První vydání |
| Témata: | |
| Tagy: |
Žádné tagy |
| LEADER | 02304nam a2200433 i 4500 | ||
|---|---|---|---|
| 001 | 311487 | ||
| 003 | CZ PrSKC | ||
| 005 | 20260601215706.0 | ||
| 007 | ta | ||
| 008 | 220114s2022 xr g 000 f cze | ||
| 015 | |a cnb003391677 | ||
| 020 | |a 9788027508105 |q (vázáno) | ||
| 035 | |a (OCoLC)1329408115 | ||
| 040 | |a ABG001 |b cze |d ABA001 |e rda | ||
| 041 | 1 | |a cze |h swe | |
| 072 | 7 | |a 821.11 |x Germánské literatury |2 Konspekt | |
| 080 | |a 821.113.6-31 |2 MRF | ||
| 080 | |a (0:82-311.1) |2 MRF | ||
| 100 | 1 | |a Schulman, Alex, |d 1976- |7 xx0268461 |4 aut | |
| 240 | 1 | 0 | |a Överlevarna. |l Česky |
| 245 | 1 | 0 | |a Z popela / |c Alex Schulman ; přeložila Linda Kaprová |
| 250 | |a První vydání | ||
| 264 | 1 | |a Brno : |b Host, |c 2022 | |
| 300 | |a 246 stran ; |c 21 cm | ||
| 336 | |a text |b txt |2 rdacontent | ||
| 337 | |a bez média |b n |2 rdamedia | ||
| 338 | |a svazek |b nc |2 rdacarrier | ||
| 500 | |a Přeloženo ze švédštiny | ||
| 520 | 2 | |a Psychologický román švédského spisovatele a žurnalisty popisuje pomalý a nenápadný rozklad rodinných vztahů. |b Nils, Benjamin a Pierre se vydávají na dlouhá léta opuštěnou chatu, aby splnili poslední přání své matky. Cesta je nejen příležitostí k nalezení ztracené vzájemné soudržnosti, ale i k rozklíčování temných a nevyřčených běsů minulosti. Emoce, vyvolané dětstvím v nejisté atmosféře skryté rivality, snaha bratrů o získání uznání otce a pozornosti psychicky nevyrovnané matky se odráží i v jejich dospělém životě. Přichází čas vše urovnat, pochopit a možná i odpustit. | |
| 655 | 7 | |a švédské romány |7 fd133923 |2 czenas | |
| 655 | 7 | |a psychologické romány |7 fd278579 |2 czenas | |
| 655 | 9 | |a Swedish fiction |2 eczenas | |
| 655 | 9 | |a psychological novels |2 eczenas | |
| 700 | 1 | |a Kaprová, Linda, |d 1982- |7 xx0146089 |4 trl | |
| 900 | |a ABA001 |b 20 | ||
| 044 | |a xr | ||
| 910 | |a RBIT002 | ||
| 998 | |d 343138 |a https://core.palmknihy.cz/api/books/343138/cover?r4gxtf |b https://core.palmknihy.cz/api/books/343138/cover/400?r4gxtf |c https://core.palmknihy.cz/api/books/343138/cover/50?r4gxtf |e 2026-09-24 |g 248 |i 9788027508105 |j https://core.palmknihy.cz/api/books/343138/preview.epub |k https://core.palmknihy.cz/api/books/343138/preview.pdf |l |q 49 |r 1 |s https://www.palmknihy.cz/kniha/343138 |t ebook |y 2022 |z 0 | ||
| 999 | |d 311485 | ||